Instituciones de conciliación de trabajo con el cuidado de familiares

Uloženo v:
Podrobná bibliografie
Hlavní autor: Rodríguez Rodríguez, Emma (Autor)
Médium: Kniha
Jazyk:španělština
Vydáno: Albacete Bomarzo 2010
Vydání:1a. ed
Témata:
Tagy: Přidat tag
Žádné tagy, Buďte první, kdo vytvoří štítek k tomuto záznamu!

MARC

LEADER 00000nam a2200000 a 4500
001 UCG7217
003 CL-VaPUC
008 110624e20100000SP |||||||||||||||||spa|d
020 |a 9788415000099 
082 0 4 |a 347.09  |b ROD  |2 21 
100 0 |a Rodríguez Rodríguez, Emma  |e author  |9 557884 
245 1 0 |a Instituciones de conciliación de trabajo con el cuidado de familiares 
250 |a 1a. ed 
300 |a 304 p 
942 |c BK 
945 |d 20110624 00:00:00  |a dcastane 
260 |a Albacete  |b Bomarzo  |c 2010 
650 0 |a Procedimiento civil  |9 254870 
650 7 |a CONCILIACION  |2 CL-VaPUC  |9 341638 
650 0 |a Familias   |9 255641 
583 |a last modification  |c 20110624 00:00:00  |k Rodrigo Vera 
999 |c 345279  |d 345277 
952 |0 0  |1 0  |4 0  |6 347_090000000000000_ROD_2010  |7 0  |8 A  |9 443770  |a BIBDER  |b BIBDER  |d 2019-11-22  |i 4782313  |o 347.09 ROD 2010  |p 4782313  |r 2023-01-25  |w 2019-11-22  |y BK  |k DER